000 00609nam a2200229 i 4500
001 bg
100 1 _aKRAMER, Teodor
245 1 0 _aPodstawy marketingu /
_cTeodor Kramer.
250 _aWyd. 2 zm.
260 _aWarszawa :
_bPolskie Wydawnictwo Ekonomiczne,
_c1998.
300 _a218, [2] s. :
_brys., wykr. ;
_c21 cm.
504 _aBibliogr. s. 218-[219].
650 9 _aMarketing
655 _aPodręczniki akademickie
020 _a8320811236
040 _cBPK
041 0 _apl
080 _a339.138(075.8)
920 _a83-208-1123-6
942 _cKS
008 s pl f |000 0 pol
999 _c52919
_d52919
856 _uhttp://koha.tu.koszalin.pl/cgi-bin/koha/opac-detail.pl?biblionumber=52919
_yKatalog online BPK